|
|
|
|
| LEADER |
00000nab a2200000uu 4500 |
| 001 |
vtls010901081 |
| 003 |
SK-MaSNL |
| 005 |
20260303125429.0 |
| 008 |
230218|1998 xo |||||||||||||||||slo| |
| 015 |
|
|
|a SNBRB
|
| 035 |
|
|
|a (urnnbn)urn:nbn:sk:snk:ar-a07mj8
|
| 035 |
|
|
|a (uuid)e053c9b7-70e0-4633-bf52-441914195d0a
|
| 035 |
|
|
|a urn:nbn:sk:snk-ab8snp
|
| 040 |
|
|
|a SNKBUCL
|b slo
|c SNKBUCL
|e AACR2
|
| 041 |
0 |
|
|a slo
|
| 044 |
|
|
|a xo
|c SK
|
| 100 |
1 |
|
|a Vašek, Štefan
|4 aut
|9 651478
|
| 245 |
1 |
0 |
|a Pojmový a kategoriálny aparát špeciálnej pedagogiky
|c Štefan Vašek
|
| 773 |
0 |
|
|t Efeta - otvor sa : vedecko-odborný časopis o komplexnej rehabilitácii ľudí s postihnutím
|g Roč. 8, č. 4 (1998), s. 7-11
|
| 954 |
|
|
|a odborná, vedecká literatúra pôvodná (slovenská)
|2 lita
|
| 958 |
|
|
|a OND
|
| 958 |
|
|
|a EUIPO
|
| 958 |
|
|
|a article10
|
| 999 |
|
|
|c 1934721
|d 1936651
|